000 01338nam a2200337Ia 4500
001 Z_7127
003 CHAP
005 20221109135647.0
008 220113s2018 xx 000 0 und d
010 _a170399
040 _cCHAP
090 _aTesis O78 2672
100 _aOrtega Villegas, Herberto
_9135425
245 1 _aPotencial del agroturismo en México:
_bCentro recreativo y de agroturismo "Plan de Guadalupe" en Tenancingo, estado de México /
_cHerberto Ortega Villegas y Miguel Angel Pérez González
260 _aMéxico :
_bEl autor,
_c2018
300 _a40 p
502 _aTesis (Ingeniero Agrónomo Especialista en Zootecnia) -- UACh, 2018 \ Dirección: Carlos Sánchez del Real; asesoría: Jorge Castrellón Montelongo y José Luis Zaragoza Ramírez
650 _aDesarrollo comunitario
_9146846
650 _aEsparcimiento agropecuario
_9146847
650 _aTurismo rural
_9124695
700 _a Castrellón Montelongo, Jorge, asesor
_9146848
700 _a Sánchez del Real, Carlos, director
_9139076
700 _a Zaragoza Ramírez, José Luis, asesor
_9143236
700 _aPérez González, Miguel Angel, coaut.
_9146849
856 4 2 _uhttp://10.13.5.2/tesis/sist115012.pdf
_yDescargar PDF
901 _aTESIS O78 2672
902 _aA
910 _a2018
942 _c2
_2ddc
942 _c2
_2ddc
999 _c170399
_d170399